Interdisciplinárne vyučovanie histórie a literatúry v cudzích jazykoch na príklade španielskej histórie

Enregistré dans:
Détails bibliographiques
Auteur principal: Maarová, Iveta
Autres auteurs: Tužinská, Sofia, 1973-
Format: Chapitre de livre
Langue:slovaque
Tags: Ajouter un tag
Pas de tags, Soyez le premier à ajouter un tag!

MARC

LEADER 00000naa$a2200000$$$4500
001 0247546
005 20240502083700.2
041 0 |a slo 
044 |a CZ 
245 1 0 |a Interdisciplinárne vyučovanie histórie a literatúry v cudzích jazykoch na príklade španielskej histórie  |c Iveta Maarová, Sofia Tužinská 
100 1 |a Maarová, Iveta 
700 1 |a Tužinská, Sofia, 1973-